000 00666nam a22002177a 4500
003 UA-OsUOA
001 46623
007 ta
008 20070704b un ||||| |||| 00| 0 ukr d
100 _aВасильчук І.П.
090 _a330(477)
_bВ-12
942 _cSA
040 _aUA-OsUOA
_bukr
_cUA-OsUOA
_dUA-OsUOA
245 _aОцінка стану та перспектив ринку злиття/ поглинання в Україні
300 _aС.10-17
955 _a0
041 _aukr
080 _a330(477)
773 0 _w46621
_tЕкономіка. Фінанси. Право.
_dК.
_d2007
_g5
650 7 _a330 Економіка взагалі
_2UDC
999 _c332716
_d332716